000 00310nam a22001457a 4500
008 221014b ||||| |||| 00| 0 eng d
020 _a9780070529557
041 _aeng
080 _a004
082 _a004 RISH
100 _a18.2
101 _aSHK
245 _aADATBASE DESING
_cRISHE N
942 _2udc
_cBK
999 _c58574
_d58574